000 00559nmm a2200169Ia 4500
008 251105s9999||||xx |||||||||||||||||und||
020 _a8470306243
041 _aspa
100 _aComte, Auguste
245 0 _aDiscurso sobre el espíritu positivo :
_b Discurso preliminar del tratado filosófico de astronomía popular
264 _a[Madrid, España] :
_bBiblioteca Nueva,
_c1999
300 _a168 páginas
490 _aClásicos del pensamiento
650 _aPhilosophy, Ethics
856 _uhttps://public.digitaliapublishing.com/a/4540
942 _cCF
999 _c73127
_d73127